Central Library OPAC University of Rajshahi

Track and field athletics / (Record no. 76377)

MARC details
000 -LEADER
fixed length control field 00887nam a2200289 4500
001 - CONTROL NUMBER
control field 76377
003 - CONTROL NUMBER IDENTIFIER
rucl marc code BD-RjUL
005 - DATE AND TIME OF LATEST TRANSACTION
control field 20211209082831.0
008 - FIXED-LENGTH DATA ELEMENTS--GENERAL INFORMATION
fixed length control field 191128s1960 moua b 001 0 eng
035 ## - SYSTEM CONTROL NUMBER
System control number (BD-RjUL)76598
040 ## - CATALOGING SOURCE
Original cataloging agency DLC
Transcribing agency DLC
Modifying agency DLC
-- BD-RjUL
Language of cataloging eng
041 ## - LANGUAGE CODE
Language code of text/sound track or separate title eng
082 00 - DEWEY DECIMAL CLASSIFICATION NUMBER
Classification number 796.42
Author mark and year BRT 1960
Edition number 23
100 1# - MAIN ENTRY--PERSONAL NAME
Personal name Bresnahan, George T.
Fuller form of name (George Thomas)
9 (RLIN) 52109
245 10 - TITLE STATEMENT
Title Track and field athletics /
Statement of responsibility, etc. George T. Bresnahan, W. W. Tuttle [and] Francis X. Cretzmeyer.
250 ## - EDITION STATEMENT
Edition statement 5th ed.
260 ## - PUBLICATION, DISTRIBUTION, ETC. (IMPRINT)
Place of publication, distribution, etc. Saint Louis :
Name of publisher, distributor, etc. Mosby,
Date of publication, distribution, etc. c1960.
300 ## - PHYSICAL DESCRIPTION
Pagination 538 p. :
Illustrations ill. ;
Size 24 cm.
504 ## - BIBLIOGRAPHY, ETC. NOTE
Bibliography, etc Includes bibliographies and index.
650 #0 - SUBJECT ADDED ENTRY--TOPICAL TERM
Topical term or geographic name as entry element Athletics.
9 (RLIN) 52110
Topical term or geographic name as entry element Track and field.
9 (RLIN) 52111
700 ## - ADDED ENTRY--PERSONAL NAME
Personal name Tuttle, W. W.
Personal name Cretzmeyer, Francis X.
942 ## - ADDED ENTRY ELEMENTS (KOHA)
Source of classification or shelving scheme Dewey Decimal Classification
Koha item type Books
Holdings
Lost status Source of classification or shelving scheme Damaged status Not for loan Collection code Permanent Location Current Location Shelving location Date acquired Source of acquisition Cost, normal purchase price Total Checkouts Full call number Date last seen Copy number Koha item type
  Dewey Decimal Classification   Not For Loan Non-fiction Central Library, University of Rajshahi Central Library, University of Rajshahi Reading Room 09/12/1963 Zeitlinger 44.00   796.42 BRT 1960 28/11/2019 C-1 Books
  Dewey Decimal Classification     Non-fiction Central Library, University of Rajshahi Central Library, University of Rajshahi   27/06/1967 Mirza book Agency, Dhaka 27.50   796.42 BRT 1960 28/11/2019 C-2 Books